书目信息 |
| 题名: |
老年人学电脑·移动设备很简单
|
|
| 作者: | 卞诚君 编著 | |
| 分册: | ||
| 出版信息: | 北京 机械工业出版社 2016.10 |
|
| 页数: | 16,279页 | |
| 开本: | 26cm | |
| 丛书名: | ||
| 单 册: | ||
| 中图分类: | TP3 | |
| 科图分类: | ||
| 主题词: | 电子计算机--中老年读物 , 移动终端--中老年读物 | |
| 电子资源: | ||
| ISBN: | 978-7-111-54768-6 | |
| 000 | 01089nam0 2200253 450 | |
| 001 | 0100004608 | |
| 005 | 20161017160137.1 | |
| 010 | @a978-7-111-54768-6@dCNY69.00 | |
| 100 | @a20161017d2016 em y0chiy50 ea | |
| 101 | 0 | @achi |
| 102 | @aCN@b110000 | |
| 105 | @aa z 000yy | |
| 106 | @ar | |
| 200 | 1 | @a老年人学电脑·移动设备很简单@Alao nian ren xue dian nao · yi dong she bei hen jian dan@e全彩大字版@f卞诚君等编著 |
| 210 | @a北京@c机械工业出版社@d2016.10 | |
| 215 | @a16,279页@c图@d26cm | |
| 330 | @a本书共14章,主要内容包括:电脑的基本操作,Windows 8的操作技巧,轻松管理好自己的资料和文件,轻松学打字,用Word写文章,用Excel记账,上网查资料与下载电影,网上购物与理财,使用QQ与远方的亲友交流,使用电脑打游戏、听音乐、看电影、处理照片,发微博、发微信,智能手机的使用等。 | |
| 333 | @a本书适合中老年电脑初学者阅读,也可作为中老年电脑大学或各类中老年电脑培训班的培训教材 | |
| 606 | 0 | @a电子计算机@j中老年读物 |
| 606 | 0 | @a移动终端@j中老年读物 |
| 690 | @aTP3@v5 | |
| 701 | 0 | @a卞诚君@Abian cheng jun@4编著 |
| 801 | 0 | @aCN@c201701015 |
| 905 | @a河南城建学院图书馆@dTP3@eB796-2 | |
| 老年人学电脑·移动设备很简单:全彩大字版/卞诚君等编著.-北京:机械工业出版社,2016.10 |
| 16,279页:图;26cm |
| 使用对象:本书适合中老年电脑初学者阅读,也可作为中老年电脑大学或各类中老年电脑培训班的培训教材 |
| ISBN 978-7-111-54768-6:CNY69.00 |
| 本书共14章,主要内容包括:电脑的基本操作,Windows 8的操作技巧,轻松管理好自己的资料和文件,轻松学打字,用Word写文章,用Excel记账,上网查资料与下载电影,网上购物与理财,使用QQ与远方的亲友交流,使用电脑打游戏、听音乐、看电影、处理照片,发微博、发微信,智能手机的使用等。 |
| ● |
| 相关链接 |
|
|
|
正题名:老年人学电脑·移动设备很简单
索取号:TP3/B796-2
 
预约/预借
| 序号 | 登录号 | 条形码 | 馆藏地/架位号 | 状态 | 备注 |
| 1 | 1364048 | 213640489 | 自科库301/301自科库 43排4列1层/ [索取号:TP3/B796-2] | 在馆 | |
| 2 | 1364049 | 213640498 | 自科库301/301自科库 43排4列1层/ [索取号:TP3/B796-2] | 在馆 |